Rekordné vyvrcholenie sezóny Výborný zimný šampionát plavcov

Bibliographic Details
Main Authors: (mik) (Author), Kubiš, Milan (Author)
Format: Article
Language:Slovak
PhysicalDescription:Obr. 1.
Subjects:

MARC

LEADER 00000nab a2200000 a 4500
001 vtls000025903
003 SK-MaSNL
005 20260303031130.0
008 111103c1979 xo 0 slo
015 |a SNBRB19rr/mm-uuuuu 
035 |a CL0035997 
040 |a SNKBUCL  |b slo  |c SNKBUCL  |e AACR2 
041 0 |a slo 
044 |a xo  |c SK 
080 |a 797  |2 1981 
100 1 |a (mik)  |4 aut  |9 861248 
245 1 0 |a Rekordné vyvrcholenie sezóny  |b Výborný zimný šampionát plavcov  |c (mik) ; Milan Kubiš 
300 |b Obr. 1. 
650 0 7 |a plávanie  |2 snkbucl  |9 3241 
651 7 |a 3702  |2 snkbucl  |9 353010 
655 7 |a články z novín a časopisov  |2 snkbucl  |9 267496 
700 1 |a Kubiš, Milan  |4 aut  |9 272909 
773 0 |t Šport  |g Roč. 31, č. 78 (2. 4. 1979), s. 4 
850 |a Slovenská národná knižnica v Martine  |a MTA001 
852 |a SNK  |b KIS3GCP 
958 |a RK 
992 |a RBX 
999 |c 1656121  |d 1658051